Diseño del mueble en el siglo XX
Wedi'i Gadw mewn:
| Prif Awduron: | , , |
|---|---|
| Fformat: | Llyfr |
| Iaith: | Sbaeneg |
| Cyhoeddwyd: |
Colonia
Benedikt Taschen
2002
|
| Pynciau: | |
| Tagiau: |
Ychwanegu Tag
Dim Tagiau, Byddwch y cyntaf i dagio'r cofnod hwn!
|
MARC
| LEADER | 00000nam a2200000 a 4500 | ||
|---|---|---|---|
| 001 | UCM8843 | ||
| 003 | CL-VaPUC | ||
| 008 | 030328e20020000GW |||||||||||||||||spa|d | ||
| 082 | 0 | 4 | |a 749.2049 |b SEM |2 21 |
| 100 | 0 | |a Sembach, Klaus-Jürgen |e author |9 475088 | |
| 700 | 0 | |a Leuthäuser, Gabriele |e author |9 475089 | |
| 700 | |a Gössel, Peter |e author |9 475090 | ||
| 245 | 1 | 0 | |a Diseño del mueble en el siglo XX |
| 300 | |a 255 p | ||
| 942 | |c BK | ||
| 945 | |d 20030328 00:00:00 |a cmena | ||
| 260 | |a Colonia |b Benedikt Taschen |c 2002 | ||
| 650 | 0 | |a Muebles |9 266979 | |
| 650 | 0 | |a Diseño de muebles |9 266980 | |
| 650 | 0 | |a Historia siglo 20 |9 255736 | |
| 650 | 0 | |a Diseño industrial |9 262726 | |
| 583 | |a last modification |c 20030328 00:00:00 |k Rodrigo Vera | ||
| 999 | |c 303264 |d 303262 | ||
| 952 | |0 0 |1 0 |4 0 |6 749_204900000000000_SEM_2002 |7 0 |8 A |9 364448 |a BIBARQ |b BIBARQ |d 2019-11-21 |i 3887669 |l 1 |o 749.2049 SEM 2002 |p 3887669 |r 2025-01-20 |s 2023-09-12 |w 2019-11-21 |y BK |k ARQ | ||